Famous People Named Martin - Statistics

General Stats
  • This quiz has been taken 513 times
    215 since last reset
  • The average score is 10 of 18
Answer Stats
Life Hint Person % Correct
1483 – 1546 Seminal figure of the Protestant Reformation Martin Luther
88%
1929 – 1968 Minister and US civil rights leader Martin Luther King Jr.
82%
1942 – Directed Taxi Driver and Goodfellas Martin Scorsese
76%
1977 – Frontman of Coldplay Chris Martin
73%
1782 – 1862 US president Martin Van Buren
67%
1940 – Starred in Apocalypse Now and The West Wing Martin Sheen
65%
1917 – 1995 Jerry Lewis's buddy who starred in his own show Dean Martin
64%
1926 – 2016 Producer referred to as the "Fifth Beatle" George Martin
63%
Fictional Traveled from 1985 to 1955 Marty McFly
62%
1945 – Starred in The Jerk and Three Amigos Steve Martin
61%
1950 – Played Jiminy Glick and starred in Three Amigos Martin Short
49%
1948 – Wrote Game of Thrones George R. R. Martin
47%
1965 – Starred in Bad Boys and Big Momma's House Martin Lawrence
46%
1971 – Former member of Menudo who is livin' the crazy life Ricky Martin
41%
1971 – Starred in The Office and The Hobbit Martin Freeman
40%
1928 – 2017 Starred in Mission: Impossible and Ed Wood Martin Landau
26%
1995 – 2012 Black teenager shot and killed by George Zimmerman Trayvon Martin
25%
1961 – Founding member of Depeche Mode Martin Gore
11%
No matching quizzes found
Score Distribution
Percent of People with Each Score
Percentile by Number Answered
Your Score History
You have not taken this quiz since the last reset